US States by Population with an Empty Map - Statistics

General Stats
  • This quiz has been taken 743 times
  • The average score is 28 of 50
Answers on the Map
Answers color-coded by a green-red scale on the quiz's map according to % correct below.
 
Answer Stats
Population State % Correct
39,512,223 California
100%
28,995,881 Texas
98%
21,477,737 Florida
96%
19,453,561 New York
96%
12,801,989 Pennsylvania
90%
12,671,821 Illinois
87%
11,689,100 Ohio
83%
10,617,423 Georgia
82%
10,488,084 North Carolina
81%
9,986,857 Michigan
78%
8,535,519 Virginia
72%
8,882,190 New Jersey
70%
7,278,717 Arizona
67%
7,614,893 Washington
67%
6,892,503 Massachusetts
64%
6,829,174 Tennessee
62%
6,732,219 Indiana
61%
6,137,428 Missouri
57%
6,045,680 Maryland
55%
5,758,736 Colorado
54%
5,822,434 Wisconsin
54%
5,639,632 Minnesota
51%
578,759 Wyoming
51%
4,903,185 Alabama
48%
5,148,714 South Carolina
47%
4,467,673 Kentucky
45%
4,648,794 Louisiana
45%
4,217,737 Oregon
45%
731,545 Alaska
44%
623,989 Vermont
43%
3,956,971 Oklahoma
41%
3,205,958 Utah
41%
3,565,287 Connecticut
40%
3,080,156 Nevada
40%
762,062 North Dakota
40%
884,659 South Dakota
39%
1,415,872 Hawaii
38%
3,155,070 Iowa
38%
1,344,212 Maine
38%
1,359,711 New Hampshire
38%
2,096,829 New Mexico
38%
1,059,361 Rhode Island
38%
3,017,804 Arkansas
37%
973,764 Delaware
37%
1,787,065 Idaho
37%
2,976,149 Mississippi
37%
1,068,778 Montana
37%
1,934,408 Nebraska
37%
1,792,147 West Virginia
37%
2,913,314 Kansas
36%
No matching quizzes found
Score Distribution
Percent of People with Each Score
Percentile by Number Answered
Your Score History
You have not taken this quiz